000 00915nam a22002057a 4500
005 20240530110338.0
008 141022s2010 le ej grc 000 0dara d
040 _aEG-CaGPL
082 0 4 _221
_a324.25569
_bع ت
100 0 _aعبدالقادر عبدالعالى
245 1 2 _aالتصدعات الاجتماعية :
_bوتأثيرها فى النظام الحزبى الاسرائيلى /
_cعبدالقادر عبدالعالى
260 _aبيروت :
_bمركز دراسات الوحدة العربية
_c2010
300 _a415 ص :
_bايض ؛
_c24 سم
490 _aسلسلة اطروحات الدكتوراه
_v89
651 0 4 _aاسرائيل
_xالاحزاب السياسية
651 0 4 _aاسرائيل
_xالاحوال الاجتماعية
651 0 4 _aاسرائيل
_xالوضع الدولى
942 _2ddc
_cBK
999 _c59821
_d59821